| 000 | 00651nam a2200181 a 4500 | ||
|---|---|---|---|
| 005 | 20210223131349.0 | ||
| 008 | 100813s2003 mx r 000 0 spa d | ||
| 020 | _a9707013001 | ||
| 035 | _aUPN01000177358 | ||
| 049 | _aCG | ||
| 050 | 4 |
_aHD1696 M6 _bR4.2 |
|
| 245 | 0 | 3 |
_aEl recurso hídrico en México : _banálisis de la situación actual y perspectivas futuras. |
| 260 |
_aMéxico : _bCentro del Tercer Mundo para el Manejo del Agua : _bMiguel Angel Porrúa, _c2003. |
||
| 300 |
_a267 p. : _bgráfs., mapas |
||
| 650 | 4 |
_aDESARROLLO DE RECURSOS HIDROLOGICOS - _zMEXICO _916067 |
|
| 651 | 4 |
_aMEXICO - _xABASTECIMIENTO DE AGUA _91018 |
|
| 905 | _aLibros | ||
| 999 |
_c149461 _d149461 |
||